<?xml version="1.0" encoding="UTF-8"?>
<record
    xmlns:xsi="http://www.w3.org/2001/XMLSchema-instance"
    xsi:schemaLocation="http://www.loc.gov/MARC21/slim http://www.loc.gov/standards/marcxml/schema/MARC21slim.xsd"
    xmlns="http://www.loc.gov/MARC21/slim">

  <leader>01023nam a2200241a044500</leader>
  <controlfield tag="003">OSt</controlfield>
  <controlfield tag="005">20150408113717.0</controlfield>
  <controlfield tag="008">050319s1986 su 00000000000000100ara0dd</controlfield>
  <datafield tag="040" ind1=" " ind2=" ">
    <subfield code="a">ma-un</subfield>
    <subfield code="b">ara</subfield>
  </datafield>
  <datafield tag="041" ind1=" " ind2=" ">
    <subfield code="a">ara</subfield>
  </datafield>
  <datafield tag="072" ind1="0" ind2=" ">
    <subfield code="a">025</subfield>
    <subfield code="x">&#x627;&#x644;&#x642;&#x631;&#x622;&#x646; &#x627;&#x644;&#x643;&#x631;&#x64A;&#x645; &#x648;&#x639;&#x644;&#x648;&#x645;&#x647; &#x648;&#x645;&#x628;&#x627;&#x62D;&#x62B;&#x647;</subfield>
  </datafield>
  <datafield tag="082" ind1="0" ind2="4">
    <subfield code="a">227.6</subfield>
  </datafield>
  <datafield tag="092" ind1=" " ind2=" ">
    <subfield code="a">227.6</subfield>
    <subfield code="b">&#x634; &#x634; &#x646;</subfield>
  </datafield>
  <datafield tag="100" ind1="1" ind2=" ">
    <subfield code="a">&#x627;&#x628;&#x648;&#x634;&#x627;&#x645;&#x629; &#x60C; &#x634;&#x647;&#x627;&#x628; &#x627;&#x644;&#x62F;&#x64A;&#x646; &#x627;&#x628;&#x648; &#x627;&#x644;&#x642;&#x627;&#x633;&#x645; &#x639;&#x628;&#x62F;&#x627;&#x644;&#x631;&#x62D;&#x645;&#x646; &#x628;&#x646; &#x627;&#x633;&#x645;&#x627;&#x639;&#x64A;&#x644; &#x628;&#x646; &#x627;&#x628;&#x631;&#x627;&#x647;&#x64A;&#x645; &#x627;&#x644;&#x634;&#x627;&#x641;&#x639;&#x64A;</subfield>
    <subfield code="d">599 - 665 &#x647;&#x640;</subfield>
    <subfield code="9">22431</subfield>
  </datafield>
  <datafield tag="245" ind1="1" ind2="0">
    <subfield code="a">&#x646;&#x648;&#x631; &#x627;&#x644;&#x645;&#x633;&#x631;&#x649; &#x641;&#x64A; &#x62A;&#x641;&#x633;&#x64A;&#x631; &#x622;&#x64A;&#x629; &#x627;&#x644;&#x627;&#x633;&#x631;&#x627;&#x621; /</subfield>
    <subfield code="c">&#x644;&#x627;&#x628;&#x64A; &#x634;&#x627;&#x645;&#x629; &#x627;&#x644;&#x645;&#x642;&#x62F;&#x633;&#x64A; &#x61B; &#x62A;&#x62D;&#x642;&#x64A;&#x642; &#x639;&#x644;&#x64A; &#x62D;&#x633;&#x64A;&#x646; &#x627;&#x644;&#x628;&#x648;&#x627;&#x628;</subfield>
  </datafield>
  <datafield tag="260" ind1=" " ind2=" ">
    <subfield code="a">&#x627;&#x644;&#x631;&#x64A;&#x627;&#x636; :</subfield>
    <subfield code="b">&#x645;&#x643;&#x62A;&#x628;&#x629; &#x627;&#x644;&#x645;&#x639;&#x627;&#x631;&#x641; &#x60C;</subfield>
    <subfield code="c">1986 &#x645;.  </subfield>
  </datafield>
  <datafield tag="300" ind1=" " ind2=" ">
    <subfield code="a">164 &#x635;. &#x61B;</subfield>
    <subfield code="c">24 &#x633;&#x645;</subfield>
  </datafield>
  <datafield tag="650" ind1=" " ind2=" ">
    <subfield code="a">&#x627;&#x644;&#x642;&#x631;&#x627;&#x646;</subfield>
    <subfield code="x">&#x62A;&#x641;&#x633;&#x64A;&#x631;</subfield>
    <subfield code="9">500</subfield>
  </datafield>
  <datafield tag="650" ind1=" " ind2=" ">
    <subfield code="a">&#x627;&#x644;&#x625;&#x633;&#x631;&#x627;&#x621; &#x648;&#x627;&#x644;&#x645;&#x639;&#x631;&#x627;&#x62C;</subfield>
    <subfield code="9">21638</subfield>
  </datafield>
  <datafield tag="650" ind1=" " ind2=" ">
    <subfield code="a">&#x627;&#x644;&#x642;&#x631;&#x622;&#x646;</subfield>
    <subfield code="x">&#x62A;&#x641;&#x633;&#x64A;&#x631;</subfield>
    <subfield code="x">&#x633;&#x648;&#x631;&#x629; &#x627;&#x644;&#x627;&#x633;&#x631;&#x627;&#x621;</subfield>
    <subfield code="9">34731</subfield>
  </datafield>
  <datafield tag="700" ind1=" " ind2=" ">
    <subfield code="a">&#x627;&#x644;&#x628;&#x648;&#x627;&#x628;, &#x639;&#x644;&#x649; &#x62D;&#x633;&#x64A;&#x646;</subfield>
    <subfield code="e">&#x645;&#x62D;&#x642;&#x642;.\\</subfield>
    <subfield code="9">1661</subfield>
  </datafield>
  <datafield tag="942" ind1=" " ind2=" ">
    <subfield code="2">ddc</subfield>
    <subfield code="c">BOOK</subfield>
  </datafield>
  <datafield tag="999" ind1=" " ind2=" ">
    <subfield code="c">93</subfield>
    <subfield code="d">234593</subfield>
  </datafield>
  <datafield tag="952" ind1=" " ind2=" ">
    <subfield code="1">0</subfield>
    <subfield code="2">2013-03-10</subfield>
    <subfield code="4">0</subfield>
    <subfield code="7">0</subfield>
    <subfield code="a">227.6 &#x634; &#x634; &#x646;</subfield>
    <subfield code="d">2011-05-17</subfield>
    <subfield code="h">CL</subfield>
    <subfield code="m">CL</subfield>
    <subfield code="r">2013-03-10 00:00:00</subfield>
    <subfield code="y">0</subfield>
  </datafield>
  <datafield tag="952" ind1=" " ind2=" ">
    <subfield code="1">0</subfield>
    <subfield code="2">2013-03-10</subfield>
    <subfield code="4">0</subfield>
    <subfield code="7">0</subfield>
    <subfield code="a">227.6 &#x634; &#x634; &#x646; </subfield>
    <subfield code="d">2011-09-26</subfield>
    <subfield code="h">CL</subfield>
    <subfield code="i">00027310</subfield>
    <subfield code="m">CL</subfield>
    <subfield code="r">2013-03-10 00:00:00</subfield>
    <subfield code="t">BOOK</subfield>
    <subfield code="w">ddc</subfield>
    <subfield code="y">0</subfield>
  </datafield>
  <datafield tag="952" ind1=" " ind2=" ">
    <subfield code="1">0</subfield>
    <subfield code="2">2013-03-10</subfield>
    <subfield code="4">0</subfield>
    <subfield code="7">0</subfield>
    <subfield code="a">227.6 &#x634; &#x634; &#x646; </subfield>
    <subfield code="d">2011-09-26</subfield>
    <subfield code="h">CL</subfield>
    <subfield code="i">00027311</subfield>
    <subfield code="m">CL</subfield>
    <subfield code="r">2013-03-10 00:00:00</subfield>
    <subfield code="t">BOOK</subfield>
    <subfield code="w">ddc</subfield>
    <subfield code="y">0</subfield>
  </datafield>
</record>
